1468 1403 1471 1431 1515 1487 1943 1104 1362 1947 1207 1149 1053 1731 1298 1623 1812 1180 1497 1525 1555 1645 1115 1098 1132 1335 1122 1906 1734 1315 1294 1797 1964 1389 1589 1473 1927 1642 1869 1519 1786 1341 1339 1085 1884 1103 1338 1284 1879 1763 1588 1611 1354 1555 1994 1223 1928 1688 1812 1339 1173 1874 1343 1814 1832 1689 1812 1933 1552 1388 1561 1324 1176 1756 1785 1685 1537 1469 1717 1102 1859 1967 1090 1838 1386 1187 1838 1436 1523 1003 1286 1266 1247 1705 1018 1512 1597 1548 1377 BCNSPRNW ULIB Ver.6.0+V

เปลี่ยนเป็นภาษาไทย

Change to English
 แสดงรายละเอียดบรรณานุกรม
  กลับหน้าหลัก

Brief Record : Get Marc (ISO 2709) : E-mail record : QR code < ปิดหน้าต่าง
LEADER : 00000nam 2200000uu 4500
001    13399128155
003     ULIB
008    220727s2564||||th 000 0 tha d
020 ^- ^a9786160043842
050 04 ^aนว^bซ116น
100 ^- ^aซ่อนกลิ่น
245 ^- ^aน่าน ฟ้า ชลาลัย/^cซ่อนกลิ่น
260 ^- ^aกรุงเทพฯ :^bพิมพ์คำ,^c2564
300 ^- ^a640 หน้า ;^c21 ซม.
650 ^4 ^aนวนิยายไทย
945    ^p440^l0^i009249
999    ^aประนอม เกษจรัล
รายการนี้ยังไม่มีแท็ก
คุณยังไม่ได้ล็อกอิน คุณสามารถมีกิจกรรมร่วมกับเว็บไซต์ได้ แต่ต้องล็อกอินก่อน ::
  ล็อกอิน

รายการสื่อสารสนเทศ

ลำดับที่ ประเภท เลขเรียก/บาร์โค้ด สถานที่ สถานะ
1. นวนิยาย
นวนิยาย
นว ซ116น ฉ.1 
  Barcode: 009249
ห้องสมุดวิทยาเขตสวรรค์ประชารักษ์
►นวนิยาย
บนชั้น
  ขอยืม

รายการใกล้เคียง
    ผู้แต่ง [ซ่อนกลิ่น]

    หัวเรื่อง [นวนิยายไทย]

BibComment


ยังไม่เคยถูกคอมเมนท์

คอมเมนท์ทรัพยากรรายการนี้
  คอมเมนท์: น่าน ฟ้า ชลาลัย ..


 Copyright 2026. Bcnsprnw @Library